The land surveyor's ready reckoner, or, Gentlemen and farmer's guide to land measure (Record no. 114446)

MARC details
000 -LEADER
fixed length control field 00947cam a22002055a 4500
001 - CONTROL NUMBER
control field L156832
008 - FIXED-LENGTH DATA ELEMENTS--GENERAL INFORMATION
fixed length control field 120515q1830 xxk f 000 0 eng d
035 ## - SYSTEM CONTROL NUMBER
System control number (Sirsi) u156832
041 0# - LANGUAGE CODE
Language code of text/sound track or separate title eng
100 1# - MAIN ENTRY--PERSONAL NAME
Personal name Thurlow, S.
245 04 - TITLE STATEMENT
Title The land surveyor's ready reckoner, or, Gentlemen and farmer's guide to land measure
Remainder of title shewing at one view the contents of any piece of land from the eightieth part of an acre to any number of acres : with plain and easy directions ... : to which is added a table ...
Statement of responsibility, etc. by S, Thurlow
250 ## - EDITION STATEMENT
Edition statement New ed., carefully corr.
260 ## - PUBLICATION, DISTRIBUTION, ETC.
Place of publication, distribution, etc. London
Name of publisher, distributor, etc. Simpkin and Marshall
-- Dean & Munday
Date of publication, distribution, etc. [1830?]
300 ## - PHYSICAL DESCRIPTION
Extent xxvii, [1], 25-138 p., [1] folded leaf of plates
Other physical details ill., tables
Dimensions 11 cm.
520 ## - SUMMARY, ETC.
Summary, etc. Contains the signature of John Owens of Snailbeach, dated Oct. 29, 1834.
583 ## - ACTION NOTE
Action Condition reviewed
Time/date of action 20120620
Status condition level 1
651 #4 - SUBJECT ADDED ENTRY--GEOGRAPHIC NAME
Geographic name Great Britain
Chronological subdivision 1707-
690 ## - LOCAL SUBJECT ADDED ENTRY--TOPICAL TERM (OCLC, RLIN)
Topical term or geographic name as entry element Measurement
9 (RLIN) 6256
942 ## - ADDED ENTRY ELEMENTS (KOHA)
Suppress in OPAC 0
Holdings
Withdrawn status Lost status Source of classification or shelving scheme Damaged status Not for loan Home library Current library Shelving location Date acquired Total Checkouts Full call number Barcode Date last seen Copy number Price effective from Koha item type
    Dewey Decimal Classification     Historic collection Historic collection Historic collection 17/07/2012   OCTAVO 1830 THURLOW 30077104 06/08/2019 1 06/08/2019 Book